| 000 | 00510nam a2200217Ia 4500 | ||
|---|---|---|---|
| 008 | 210210b1932 xxu||||| |||| 00| 0 eng d | ||
| 041 | _aeng | ||
| 082 | _a824/265 | ||
| 100 | _aRALLI (Augustus) | ||
| 245 | _aHistory of Shakespearean criticism Vol I | ||
| 260 |
_aLondon _bOxford University Press _c1932 |
||
| 440 | _aI | ||
| 650 | _aVol | ||
| 650 | _aShakespearean | ||
| 650 | _aof | ||
| 650 | _aI | ||
| 650 | _aHistory | ||
| 650 | _acriticism | ||
| 690 | _aEnglish Criticism | ||
| 906 | _a014215 | ||
| 999 |
_c133316 _d133316 |
||